| 000 | 01070cab a2200325 4500 | ||
|---|---|---|---|
| 001 | ABS58757 | ||
| 008 | 090401t1998 xxu||||| |||| 00| 0 eng d | ||
| 035 | _a(Sirsi) u86369 | ||
| 041 | _aeng | ||
| 100 | _aAustin, R. | ||
| 245 | _aPostcard from France | ||
| 260 | _c1998 | ||
| 350 | _a0 | ||
| 490 |
_aEstates Gazette _v(9818) 2 May 1998, 123-124(2) |
||
| 520 | _aProvides a guide to some of the recent important changes in French property law. Areas affected include office tax, office user permits, parking spaces, corporation tax, asbestos, signature of contracts, stamp duties, shopping centres, and professional leases. | ||
| 650 | _aMANAGEMENT-HEALTH AND SAFETY-HAZARDOUS SUBSTANCES-ASBESTOS | ||
| 650 | _aCONTRACT DOCUMENTATION | ||
| 650 | _aCORPORATION TAX | ||
| 650 | _aFRANCE | ||
| 650 | _aFRENCH LAW | ||
| 650 | _aPARKING | ||
| 650 | _aPROFESSIONAL LEASES | ||
| 650 | _aPROPERTY LAW | ||
| 650 | _aSHOPPING CENTRES | ||
| 650 | _aSTAMP DUTY | ||
| 650 | _aTAXATION | ||
| 690 | _aOVERSEAS-EUROPE | ||
| 942 | _n0 | ||
| 948 | _c22/05/1998 | ||
| 999 |
_c54357 _d54357 |
||